Oeuvres, tome iii : la tragédie d'oreste :

Guardado en:
Autor Principal: Dracontius, Blossius Aemilius
Otros Autores: Bouquet, Jean, introd. y trad., Wolff, Étienne, introd.
Formato: Libro
Publicado: Paris : Les Belles Lettres, 2002
Edición:2a. ed.
Materias:
Etiquetas: Agregar Etiqueta
Sin Etiquetas, Sea el primero en etiquetar este registro!
LEADER 00771nam a22002415a 4500
001 EHU.bham041925
003 AR-BHAM
005 20121217135716.0
008 130507s2002##################000#0#####d
020 |a 2251013822 
082 8 7 |a 879 
100 1 |a Dracontius, Blossius Aemilius 
245 1 0 |a Oeuvres, tome iii :  |b la tragédie d'oreste :  |c  Blossius Aemilius Dracontius : 
250 |a 2a. ed. 
260 |a Paris :  |b Les Belles Lettres,  |c 2002 
300 |a 278 p. 
600 1 4 |a Draconzio 
653 |a Literatura latina medieval 
653 |a Poesía latina medieval 
653 |a Poesía cristiana 
700 1 |a Bouquet, Jean, introd. y trad. 
700 1 |a Wolff, Étienne, introd. 
859 |a AR-BHAM  |b BIB. HUMANIDADES - General  |h 879  |i D782-2  |p 406.12  |t Ej.1  |v III(1-4)  |3 III(1-4)